000 00666nam a2200229 i 4500
001 bg
100 1 _aURUSKA, Irmina
245 1 0 _aZbiór zadań testowych z chemii fizycznej /
_cIrmina Uruska ; Politechnika Gdańska.
260 _aGdańsk :
_bWydaw. PG,
_c1997.
300 _a198 s. ;
_c24 cm.
521 _aSkrypt dla studentów II roku Wydziału Chemicznego.
650 9 _aChemia fizyczna
655 _aĆwiczenia i zadania
710 0 _aPOLITECHNIKA GDAŃSKA (Gdańsk)
020 _a838653768X
040 _cBPK
041 0 _apl
080 _a544(075.8)(076)
920 _a83-86537-68-X
942 _cKS
008 s pl f |000 0 pol
999 _c33165
_d33165
856 _uhttp://koha.tu.koszalin.pl/cgi-bin/koha/opac-detail.pl?biblionumber=33165
_yKatalog online BPK